UEFA Team of the Year 2017 - Statistics

General Stats
  • This quiz has been taken 98 times
  • The average score is 11 of 11
Answer Stats
Position Nationality Club Answer % Correct
ST Portugal Real Madrid Cristiano Ronaldo
100%
LW Belgium Chelsea Eden Hazard
100%
GK Italy Juventus Gianluigi Buffon
100%
CM Belgium Manchester City Kevin De Bruyne
100%
RW Argentina Barcelona Lionel Messi
100%
CM Croatia Real Madrid Luka Modrić
100%
CB Spain Real Madird Sergio Ramos
100%
CM Germany Real Madrid Toni Kroos
100%
LB Brazil Real Madrid Marcelo
97%
CB Italy Juventus Giorgio Chiellini
91%
RB Brazil Juventus / PSG Dani Alves
88%
No matching quizzes found
Score Distribution
Percent of People with Each Score
Percentile by Number Answered
Your Score History
You have not taken this quiz